000 00677nam a22002297a 4500
005 20170124105946.0
010 _a724941
020 _c00.00
_a0713903031
035 _a724941
037 _bCen Lib/Ret
040 _aDPL
_bEN
082 _a335.4
_bKIL
100 _aKiloy-Silk, Robert
_912273
245 _aSocialism since marx /
_cby Robert Kilroy-Silk
260 _aLondon
_bAllen Lane The Penguin Press
_c1972
270 _a74 Grosvenor Street
_bLondon
300 _axviii,361p.
_c22cm(Hb)
500 _aIncludes bibliographic references and index
650 _aCommunism
_911516
650 _aSocialism
_99251
942 _2ddc
_cEN
_h335.4
_mKIL
999 _c124886
_d124886